Countries Closest to Colombia - One Minute Sprint - Statistics

General Stats
  • This quiz has been taken 51 times
  • The average score is 12 of 20
Answer Stats
km country miles % Correct
0 Panama 0
97%
0 Ecuador 0
94%
0 Peru 0
94%
0 Venezuela 0
94%
0 Brazil 0
91%
559 Costa Rica 347
85%
728 Nicaragua 453
82%
665 Guyana 413
79%
944 Honduras 587
67%
781 Jamaica 486
61%
621 Haiti 386
58%
891 Cuba 554
55%
573 Dominican Republic 356
52%
745 Trinidad and Tobago 463
48%
125 Aruba 78
39%
214 Curaçao 133
36%
896 Grenada 557
36%
970 Saint Vincent and the Grenadines 603
30%
765 United States
at Puerto Rico
475
27%
294 Netherlands
at Bonaire
182
21%
No matching quizzes found
Score Distribution
Percent of People with Each Score
Percentile by Number Answered
Your Score History
You have not taken this quiz